000 00870cam a2200277 a 4500
001 532017
003 NUST - PNEC
005 20170116181002.0
008 870706s1987 paua 001 0 eng
010 _a 87007128
020 _a0830629173 (pbk.) :
040 _cLIBRARY
082 0 0 _a005.7565 BEA
100 1 _aBeam, Gary.
245 1 0 _aClipper, dBASE compiler applications /
_cGary Beam.
260 _aBlue Ridge Summit, PA :
_bTAB Books,
_c1987.
300 _aviii, 182 p. :
_bill. ;
_c24 cm.
500 _aOn t.p. the trademark symbol "TM" is superscript following "Clipper" in the title.
500 _aIncludes index.
500 _a"2917"--Cover.
630 0 0 _aCompilers (Computer programs)
630 0 0 _adBASE III.
650 0 _aClipper (Computer program language)
_xMIS
906 _a7
_bcbc
_corignew
_d1
_eocip
_f19
_gy-gencatlg
942 _2ddc
_cBK
999 _c66764
_d66764